000 00868nas a2200289 4500
001 BR2011000434
003 BR-BrBNA
005 20231205114902.0
007 ta
008 230509b bl.|||p| |||| 00| 00por d
040 _aBR-BrBNA
_bpor
_cBiblioteca Nacional de Agricultura
041 _a(En)
072 _aQ04
100 1 _aTorres, M.A.
100 1 _aBeppu, M.M.
100 1 _aSantana, C.C.
100 1 _aArruda, E.J.
245 1 _aViscous and viscoelastic properties of chitosan solutions and gels
650 _aPOLISSACARÍDEO
650 _aANÁLISE FÍSICA
650 _aVISCOSIDADE
650 _aELASTICIDADE
650 _aTECNOLOGIA DE ALIMENTO
773 0 _tBrazilian Journal of Food Technology (Brazil)
_xISSN 1519-0900
_g(Apr-Jun 2006), v. 9(2) p. 101-108
_wBR2011000434
909 _a202311
_bLúcia
_c55
_dLúcia Elande
942 _2AGRIS
_n0
_cANA
999 _c211021
_d211021